000 00316 a2200133 4500
001 153709
040 _cEscola São Tomás de Aquino
100 _aMACHADO, Ana Maria
240 1 0 _aA zabumba do quati
_lpor
245 1 0 _aA zabumba do quati
440 1 _aSalamandra
697 _a*LITERATURA INFANTIL
942 _cBK
999 _c153709
_d153709